000 00739nam a2200205Ii 4500
003 JO-AjNU
008 230605s9999||||xx |||||||||||||| ||und||
017 _a1982/846
040 _aJO-AjNU
_bara
_erda
_cJO-AjNU
041 _aara
050 1 4 _aGB665.W5612 1983
100 3 _aترجمة سبتي، نزار علي؛ ترجمة اسماعيل، ترحمة لبيب خليل,
_eauthor
_913430
245 0 0 _aالهيدرولوجيا الهندسية
264 3 1 _a االموصل: جامعة الموصل، 1983
300 _a293ص
_bيشتمل على جداول
336 _atext
_btxt
_2rdacontent
337 _aunmediated
_bn
_2rdamedia
338 _avolume
_bnc
_2rdacarrier
650 4 _aالهيدرولوجيا الهندسية
_913431
999 _aA3342
_c6910
_d6910